Southville International School and Colleges
Your cart is empty.
  • Cart
  • Lists
    Public lists Eva Luna New books Lux_list list_1
    Your lists Log in to create your own lists
  • Log in to your account
  • Your cookies
  • Search history
Southville International School and Colleges
  • Advanced search
  • Recent comments
  • Most popular
  • Libraries

Log in to your account

Log in with GOOGLE


If you do not have an external account, but do have a local account, you can still log in:

  1. Home
  2. MARC view: Mathematics of investment :
Normal view MARC view ISBD view

Mathematics of investment : (Record no. 20016)

[ view plain ]
MARC details
000 -LEADER
fixed length control field 00515nam a2200181 a 4500
005 - DATE AND TIME OF LATEST TRANSACTION
control field 20140310183207.0
008 - FIXED-LENGTH DATA ELEMENTS--GENERAL INFORMATION
fixed length control field 030122s19uu xx 00 eng d
050 ## - LIBRARY OF CONGRESS CALL NUMBER
Classification number HF 5691
Item number .M426 2000
100 ## - MAIN ENTRY--PERSONAL NAME
Personal name Young, Felina C.
245 ## - TITLE STATEMENT
Title Mathematics of investment :
Remainder of title calculator based /
Statement of responsibility, etc Felina C. Young.
260 ## - PUBLICATION, DISTRIBUTION, ETC. (IMPRINT)
Place of publication, distribution, etc Philippines :
Date of publication, distribution, etc 2000.
300 ## - PHYSICAL DESCRIPTION
Extent 251 p. :
Dimensions 23 cm.
521 ## - TARGET AUDIENCE NOTE
Target audience note
650 ## - SUBJECT ADDED ENTRY--TOPICAL TERM
Topical term or geographic name as entry element Mathematics-- problems, exercises, etc.
650 ## - SUBJECT ADDED ENTRY--TOPICAL TERM
Topical term or geographic name as entry element Investments
942 ## - ADDED ENTRY ELEMENTS (KOHA)
Koha item type Books
Source of classification or shelving scheme Library of Congress Classification
Call number prefix Local
Holdings
Withdrawn status Lost status Source of classification or shelving scheme Damaged status Home library Current library Shelving location Date acquired Source of acquisition Cost, normal purchase price Total Checkouts Full call number Barcode Date last seen Copy number Price effective from Koha item type
    Library of Congress Classification   College Library College Library General Circulation Section 06/08/2010   250.00   HF 5691 .M426 2000 C1941 05/15/2018 1 10/10/2013 Books

Mathematics of investment :

APA

Young F. C., . (2000). Mathematics of investment. Philippines: .

Chicago

Young Felina C, . 2000. Mathematics of investment. Philippines: .

Harvard

Young F. C., . (2000). Mathematics of investment. Philippines: .

MLA

Young Felina C, . Mathematics of investment. Philippines: . 2000.

  • Place hold
  • Print
  • Cite
  • Add to your cart (remove)
  • Save record
    BIBTEX Dublin Core MARCXML MARC (non-Unicode/MARC-8) MARC (Unicode/UTF-8) MARC (Unicode/UTF-8, Standard) MODS (XML) RIS
  • More searches
    Search for this title in:
    Other Libraries (WorldCat) Other Databases (Google Scholar) Online Stores (Bookfinder.com) Open Library (openlibrary.org)

Exporting to Dublin Core...

SOUTHVILLE LIBRARY

Southville International School and Colleges Library

1281 Tropical Ave. Cor. Luxembourg St., BF Homes International, Las Pinas City

Tel. No. 8256374 / 252358 Loc. 117/146

Powered by Koha